[Event "MAD-ch"]
[Site "Antananarivo"]
[Date "2019.08.15"]
[Round "2"]
[White "Rajaonasy, Tolotra"]
[Black "Andriniaina, Heritiana"]
[Result "0-1"]
[WhiteElo "1729"]
[BlackElo "2023"]
[PlyCount "55"]
[EventDate "2019.08.15"]
[EventType "swiss"]
[EventRounds "9"]
[EventCountry "MAD"]
[SourceTitle "EXT 2020"]
[Source "ChessBase"]
[SourceDate "2019.10.17"]
[SourceVersion "1"]
[SourceVersionDate "2019.10.17"]
[SourceQuality "1"]

1. e4 e5 2. Nf3 Nf6 3. d4 Nxe4 4. Bd3 d5 5. Nxe5 Nd7 6. Qf3 Nxe5 7. dxe5 Qh4 8. Bxe4 Qxe4+ 9. Qxe4 dxe4 10. 0-0 Bf5 11. Be3 0-0-0 12. a4 a6 13. Nd2 Be7 14. Rfb1 Rd5 15. Nc4 Rhd8 16. h3 Bd7 17. Bf4 g5 18. Bg3 Rd4 19. Ne3 Bc6 20. Rd1 h5 21. Kf1 h4 22. Bh2 a5 23. Ke1 Bb4+ 24. Ke2 Rd2+ 25. Rxd2 Rxd2+ 26. Kf1 Bc5 27. Rc1 Bxe3 28. fxe3 0-1

[Event "Antananarivo op"]
[Site "Antananarivo"]
[Date "2015.08.07"]
[Round "4"]
[White "Andriamandimbisoa, Harison"]
[Black "Rajaonasy, Tolotra"]
[Result "1-0"]
[WhiteElo "1955"]
[BlackElo "1805"]
[PlyCount "22"]
[EventDate "2015.08.05"]
[EventType "swiss"]
[EventRounds "9"]
[EventCountry "MAD"]
[SourceTitle "EXT 2018"]
[Source "ChessBase"]
[SourceDate "2017.10.13"]
[SourceVersion "1"]
[SourceVersionDate "2017.10.13"]
[SourceQuality "1"]

1. e4 c5 2. c3 e6 3. d4 d5 4. exd5 Qxd5 5. Nf3 Nc6 6. Be3 cxd4 7. cxd4 Bd7 8. Qb3 Nxd4 9. Qxd5 Nc2+ 10. Kd1 exd5 11. Kxc2 Nf6 1-0

[Event "Antananarivo 07 2nd"]
[Site "Antananarivo"]
[Date "2015.07.15"]
[Round "6"]
[White "Rajaonasy, Tolotra"]
[Black "Andriamaharo, Nirina"]
[Result "1-0"]
[WhiteElo "1786"]
[BlackElo "1678"]
[PlyCount "145"]
[EventDate "2015.07.15"]
[EventType "tourn"]
[EventRounds "9"]
[EventCountry "MAD"]
[SourceTitle "EXT 2024"]
[Source "ChessBase"]
[SourceDate "2023.10.10"]
[SourceVersion "1"]
[SourceVersionDate "2023.10.10"]
[SourceQuality "1"]

1. e4 c5 2. Nf3 g6 3. d4 cxd4 4. Nxd4 Nc6 5. Nc3 Bg7 6. Be3 Nf6 7. f3 0-0 8. Bc4 Qb6 9. Bb3 Nxe4 10. Nd5 Qa5+ 11. c3 Nf6 12. Nxc6 bxc6 13. Nxe7+ Kh8 14. Nxc8 Raxc8 15. 0-0 d5 16. Qd2 Rfe8 17. Rae1 Re6 18. c4 Qxd2 19. Bxd2 Rce8 20. Rxe6 Rxe6 21. cxd5 Nxd5 22. Re1 Rxe1+ 23. Bxe1 Bxb2 24. Ba4 Bd4+ 25. Kf1 c5 26. g3 Kg7 27. Bb3 Nb6 28. Ke2 f5 29. Kd3 Kf6 30. Bd2 g5 31. h3 h5 32. g4 hxg4 33. hxg4 Nd7 34. gxf5 Kxf5 35. Bd5 Ne5+ 36. Kc2 g4 37. fxg4+ Nxg4 38. Kb3 Ke5 39. Bf7 Nh6 40. Bxh6 Kd6 41. Kc4 Kc6 42. Bf4 Kb6 43. Be8 Bg1 44. Bf7 Bf2 45. Bd5 Bg1 46. Bg5 Kc7 47. Be7 Kb6 48. Bg5 Bf2 49. Bd8+ Ka6 50. Bc6 Bg1 51. a4 Bf2 52. Kd5 Be3 53. Kd6 c4 54. Bb5+ Kb7 55. Bxc4 Bf4+ 56. Kd7 Kb8 57. Be7 Kb7 58. Bd6 Be3 59. Bc7 a6 60. Bd5+ Ka7 61. Kc6 Bf2 62. Bc4 Be3 63. Bd6 Bd2 64. Bc5+ Kb8 65. Bxa6 Ba5 66. Kb5 Bd8 67. Kc6 Ba5 68. Bc4 Bd8 69. Bb6 Bg5 70. a5 Bf4 71. a6 Bg3 72. Kd7 Bf4 73. Bd5 1-0